Pokémon - Les attaques de Flamenroule - Statistiques

Statistiques générales
  • Ce quiz a été pris 12 fois
  • Le résultat moyen est 7 sur 15
Statistiques - réponses
Niveaux Types Noms des attaques % Correct
Niveau 12 Vol Cru-Ailes
86%
Départ Vol Picpic
86%
Niveau 54 Vol Rapace
86%
Niveau 31 Vol Atterrissage
71%
Niveau 44 Roche Garde Large
71%
Niveau 35 Vol Lame d'Air
71%
Niveau 18 Combat Balayage
57%
Niveau 5 Combat Double Pied
57%
Niveau 27 Ténèbres Représailles
57%
Niveau 48 Ténèbres Exécu-Son
43%
Niveau 9 Combat Détection
14%
Départ Normal Photocopie
14%
Niveau 15 Normal Puissance
14%
Niveau 21 Normal Ruse
0%
Niveau 39 Normal Ultimawashi
0%
Aucun quiz correspondant
Distribution des résultats
% des personnes avec chaque résultat
Percentile par nombre de réponses
Votre historique - résultats
Vous n’avez pas pris ce quiz